| 000 | 01021nam a2200313 a 4500 | ||
|---|---|---|---|
| 001 | 3462448 | ||
| 003 | OSt | ||
| 005 | 20140310182125.0 | ||
| 008 | 921030s1992 nyua b 001 0 eng | ||
| 010 | _a 92233876 | ||
| 020 | _a9780070156111 | ||
| 040 |
_aDLC _cDLC |
||
| 043 | _an-us--- | ||
| 050 | 0 | 0 |
_aE 179 _b.D29 1992 |
| 082 | 0 | 0 |
_aHS 973.072 _bD28 1992 |
| 100 | 1 |
_aDavidson, James West. _914267 |
|
| 245 | 1 | 0 |
_aAfter the fact : _bthe art of historical detection / _cJames West Davidson, Mark Hamilton Lytle. |
| 250 | _a3rd ed. | ||
| 260 |
_aNew York : _bMcGraw-Hill, _cc1992. |
||
| 300 |
_a395 p. : _bill. ; _c24 cm. |
||
| 650 |
_a United States _xHistoriography _914268 |
||
| 650 |
_a United States _xHistory _yI.Lytle,Mark--II.Title _914269 |
||
| 651 | 0 |
_aUnited States _xHistoriography. _914270 |
|
| 651 | 0 |
_aUnited States _xHistory. _914271 |
|
| 906 |
_a7 _bcbc _corignew _d2 _encip _f19 _gy-gencatlg |
||
| 942 | _2lcc | ||
| 999 |
_c9595 _d9595 |
||